5HLuxD.jpg

KING HENRY VIII SENIOR AND PRIMARY SCHOOL LIBRARY OPAC

New Oxford spelling dictionary / (Record no. 2834)

000 -LEADER
fixed length control field 02199cam a2200445 i 4500
001 - CONTROL NUMBER
control field 18074312
003 - CONTROL NUMBER IDENTIFIER
control field OSt
005 - DATE AND TIME OF LATEST TRANSACTION
control field 20230823112713.0
008 - FIXED-LENGTH DATA ELEMENTS--GENERAL INFORMATION
fixed length control field 140320r20142005nyu d 000 0 eng
010 ## - LIBRARY OF CONGRESS CONTROL NUMBER
LC control number 2014936251
015 ## - NATIONAL BIBLIOGRAPHY NUMBER
National bibliography number GBA556425
Source bnb
016 7# - NATIONAL BIBLIOGRAPHIC AGENCY CONTROL NUMBER
Record control number 013245304
Source Uk
020 ## - INTERNATIONAL STANDARD BOOK NUMBER
International Standard Book Number 9780199569991 (hardback)
035 ## - SYSTEM CONTROL NUMBER
System control number (OCoLC)ocm60837757
040 ## - CATALOGING SOURCE
Original cataloging agency UKM
Language of cataloging eng
Transcribing agency UKM
Description conventions rda
Modifying agency BWKUK
-- VP@
-- NLGGC
-- YDXCP
-- LVB
-- AU@
-- CGU
-- DEBSZ
-- HEBIS
-- N5L
-- OCLCF
-- OQX
-- DGU
-- DLC
-- KH8
042 ## - AUTHENTICATION CODE
Authentication code ukblsr
-- lccopycat
082 04 - DEWEY DECIMAL CLASSIFICATION NUMBER
Classification number 428.1 OXF
Edition number 22
130 0# - MAIN ENTRY--UNIFORM TITLE
Uniform title Oxford spelling dictionary.
245 10 - TITLE STATEMENT
Title New Oxford spelling dictionary /
Statement of responsibility, etc. Edited by Maurice Waite.
246 3# - VARYING FORM OF TITLE
Title proper/short title Writers' and editors' guide to spelling and word division
250 ## - EDITION STATEMENT
Edition statement Impression: I.
264 #1 - PRODUCTION, PUBLICATION, DISTRIBUTION, MANUFACTURE, AND COPYRIGHT NOTICE
Place of production, publication, distribution, manufacture New York, NY :
Name of producer, publisher, distributor, manufacturer Oxford University Press,
Date of production, publication, distribution, manufacture, or copyright notice 2014.
264 #4 - PRODUCTION, PUBLICATION, DISTRIBUTION, MANUFACTURE, AND COPYRIGHT NOTICE
Date of production, publication, distribution, manufacture, or copyright notice ©2005
300 ## - PHYSICAL DESCRIPTION
Extent xii, 596 pages ;
Dimensions 19 cm.
336 ## - CONTENT TYPE
Content type term text
Content type code txt
Source rdacontent
337 ## - MEDIA TYPE
Media type term unmediated
Media type code n
Source rdamedia
338 ## - CARRIER TYPE
Carrier type term volume
Carrier type code nc
Source rdacarrier
500 ## - GENERAL NOTE
General note First edition published (as the Oxford Spelling Dictionary) 1986 -- Title page verso.
500 ## - GENERAL NOTE
General note The New Oxford Spelling Dictionary replaces the second edition of the Oxford Spelling Dictionary -- Preface.
500 ## - GENERAL NOTE
General note Variant title from front cover of dust jacket.
520 1# - SUMMARY, ETC.
Summary, etc. "The New Oxford Spelling Dictionary is the quick and reliable way to check spelling and word division. Spellings are based on the Oxford language research programme, the largest in the world. The Dictionary includes both primary (preferred) and secondary breaks for every suitable word - offering essential guidance for writers, editors, typesetters, and proofreaders needing to make reliable and consistent decisions relating to line endings" -- BOOK JACKET.
650 #0 - SUBJECT ADDED ENTRY--TOPICAL TERM
Topical term or geographic name entry element English language
General subdivision Orthography and spelling
Form subdivision Dictionaries.
650 #6 - SUBJECT ADDED ENTRY--TOPICAL TERM
Topical term or geographic name entry element Anglais (Langue)
General subdivision Orthographe
Form subdivision Dictionnaires.
650 17 - SUBJECT ADDED ENTRY--TOPICAL TERM
Topical term or geographic name entry element Spelling.
Source of heading or term gtt
650 07 - SUBJECT ADDED ENTRY--TOPICAL TERM
Topical term or geographic name entry element Rechtschreibung.
Source of heading or term swd
651 #7 - SUBJECT ADDED ENTRY--GEOGRAPHIC NAME
Geographic name Englisch.
Source of heading or term swd
700 1# - ADDED ENTRY--PERSONAL NAME
Personal name Waite, Maurice,
Relator term editor.
942 ## - ADDED ENTRY ELEMENTS (KOHA)
Source of classification or shelving scheme
Koha item type Teaching Resources
Holdings
Withdrawn status Lost status Source of classification or shelving scheme Damaged status Not for loan Collection code Permanent Location Current Location Shelving location Date acquired Total Checkouts Full call number Barcode Date due Date last seen Date last checked out Price effective from Koha item type
          Teaching Resources KH8 Senior School Library KH8 Senior School Library Staff Office 2023-08-23 1 428.1 OXF TRKHSL002288 2025-07-07 2024-11-07 2024-11-07 2023-08-23 Teaching Resources
          Teaching Resources KH8 Senior School Library KH8 Senior School Library Staff Office 2024-11-01 1 428.1 OXF TRKHSL002289 2025-07-04 2024-11-07 2024-11-07 2024-11-01 Teaching Resources

Powered By KH8 IT Dept